Ends With 'NGLE' Quiz Stats

 Plays Quiz Updated Mar 17, 2016

Also try: Ends in 'ICE'
Challenge
Share
Tweet
Embed
Score 0/14 Timer 04:00
2 Plays Today
Hint Word % Correct
Unmarried or unaccompaniedsingle
92.6%
The space enclosed by two line segments with a common endpointangle
89.7%
A three-sided percussion instrumenttriangle
88.6%
To fatally choke someone by compressing the throatstrangle
87.2%
Land overgrown with dense vegetationjungle
84.8%
To severely disfigure by cutting, tearing, or crushingmangle
82.6%
A rigid braceletbangle
82.3%
Hint Word % Correct
To hang loosely and swing freelydangle
77.8%
To act clumsily, or to mishandle a jobbungle
69.8%
A quadrilateral with two sets of perpendicular sidesrectangle
67.4%
A fire in a fireplaceingle
45.5%
To dispute angrily, or to obtain something through arguing or maneuveringwrangle
40%
To free something from being snarled or twisted togetherdisentangle
35.5%
To mix or blend togetherintermingle
16.3%

You're not logged in!

Compare scores with friends on all Sporcle quizzes.
Join for Free
OR
Log In

You Might Also Like...

Show Comments

Extras

Top Quizzes Today


Score Distribution

Your Account Isn't Verified!

In order to create a playlist on Sporcle, you need to verify the email address you used during registration. Go to your Sporcle Settings to finish the process.

Report this User

Report this user for behavior that violates our Community Guidelines.

Details: